000
00307nam a2200109 4500
999
_c
9633
_d
9633
008
180712b ||||| |||| 00| 0 eng d
245
_a
Boeing deepens automation with new robotic system.
260
_a
Philippines
_b
Manila Bulletin
_c
c2016
300
_a
page B12.
650
0
_9
28576
_a
Robots.
942
_2
ddc
_c
PER